000
00301nam a22001337a 4500
008
170714b xxu||||| |||| 00| 0 eng d
020
_a
070621977
041
_a
eng
080
_a
1(091)
100
_a
24
101
_a
FIL
245
_a
PHILOSOPHY HISTORY AND PROBLEMS
_c
STUMPH, S.E
942
_2
udc
_c
BK
999
_c
20822
_d
20822